修煉 . 異種再現 . IV
| 資料類型: | 圖書 | 書目號: | 56199 |
Leader xxxxxxxxxx 001 __ PCLIS00056199 005 __ 20221118090650.0 010 0_ |a978-986-96142-8-3|b平裝|dNT$360 100 __ |a20221028d2018 de y0chiy09 e 101 0_ |achi 102 __ |atw 105 __ |ay z 000ay 200 1_ |a修煉|e|hIV|i異種再現|f陳郁如著 205 __ |a初版 210 __ |a臺北市|c小兵|d2018.05[民107] 215 0_ |a351面|c|d22公分 225 2_ |a修煉|vIV 300 __ |a 306 __ |a2022年45刷 461 _0 |12001 |a修煉|vIV 517 1_ |a異種再現|zchi 606 __ |2cst|a長篇小說 681 __ |a857.7|b8756 700 _1 |a陳|b郁如|4著 702 __ |a|b|4 801 _0 |atw|b內湖高中|c20221028|gCCR |